LEADER 03248nam 2200373 450 001 9910724330303321 005 20230625210726.0 035 $a(CKB)5470000002601535 035 $a(NjHacI)995470000002601535 035 $a(EXLCZ)995470000002601535 100 $a20230625d2021 uy 0 101 0 $afre 135 $aur||||||||||| 181 $ctxt$2rdacontent 182 $cc$2rdamedia 183 $acr$2rdacarrier 200 00$aArt, Recherche et Animation $edans l'animation et la recherche : expe?rimentations artistiques : quelles interactions pour quelles transformations ? /$fsous la direction de Ce?cile Croce et Chantal Crenn 210 1$aBordeaux :$cCarrie?res Sociales Editions,$d2021. 215 $a1 online resource (312 pages) $cillustrations 225 0 $ades Paroles & des Actes ;$v9 330 $aCet ouvrage fait suite au colloque international « Dans l'animation et dans la recherche : Expe?rimentations artistiques. Quelles interactions pour quelles transformations ? » organise? par l'ISIAT, l'IUT Bordeaux Montaigne et leurs partenaires. Ce colloque visait a? de?cloisonner les discours et a? croiser les pratiques professionnelles concerne?es par trois axes : animer, cre?er, chercher. Ces rencontres ont re?uni plus d'une cinquantaine d'intervenants, animateurs, me?diateurs, artistes, universitaires ainsi qu'un public nombreux autour de confe?rences, ateliers, expositions, interventions artistiques : installations, vide?os, expositions de toiles, de photographies, de plans, de dessins, exposition virtuelle, concert, spectacle the?a?tral avec des chevaux ... Cette place offerte aux re?alisations artistiques te?moigne de l'e?gale conside?ration donne?e aux re?alisations artistiques, aux projets d'animation, aux retours d'expe?riences, ou aux e?changes scientifiques qu'il s'agissait, dans leurs diffe?rences, de travailler ensemble. En restant fide?le aux croisements et aux tissages ope?re?s dans ces rencontres, le pre?sent ouvrage donne la parole aux chercheurs soucieux de l'animation sociale et socioculturelle et de ses expe?rimentations artistiques, aux animatrices et animateurs inte?resse?s par la recherche et l'art, aux artistes tente?s par l'animation et par la recherche. Outre la grande vivacite? a? faire et a? cre?er avec les publics, a? s'engager tout en ope?rant des remises sur le chantier des actions, en toute humilite?, le fil directeur d'Art, Recherche, Animation est sans doute e?galement l'e?motion qui se de?gage des re?cits des e?changes ve?cus, les moments de joie et les pleurs qui parfois ont de?borde? l'analyse. Il permet ainsi, prolonge? par la re?ception de la lectrice ou du lecteur, d'esquisser quelques re?ponses aux questionnements du de?part, a? savoir comment parvenir a? penser ensemble art, recherche et animation. 606 $aArt$xResearch 606 $aAnimation (Cinematography) 615 0$aArt$xResearch. 615 0$aAnimation (Cinematography) 676 $a707.2 702 $aCroce$b Ce?cile 702 $aCrenn$b Chantal 801 0$bNjHacI 801 1$bNjHacl 906 $aBOOK 912 $a9910724330303321 996 $aArt, Recherche et Animation$93179517 997 $aUNINA LEADER 02404oam 2200505 450 001 9910808866503321 005 20190911103513.0 010 $a0-429-07190-6 010 $a1-4665-7221-3 024 7 $a10.1201/b16259 035 $a(OCoLC)868928102 035 $a(MiFhGG)GVRL8QEG 035 $a(EXLCZ)992670000000394354 100 $a20130920h20142014 uy 0 101 0 $aeng 135 $aurun|---uuuua 181 $ctxt 182 $cc 183 $acr 200 10$aAnalysis of complex diseases $ea mathematical perspective /$fGuanyu Wang 210 1$aBoca Raton :$cCRC Press, Taylor & Francis Group,$d[2014] 210 4$d?2014 215 $a1 online resource (xxi, 196 pages) $cillustrations (some color) 225 0 $aGale eBooks 300 $aDescription based upon print version of record. 311 $a1-4665-7223-X 320 $aIncludes bibliographical references. 327 $aFood intake and energy metabolism -- Glucose homeostasis -- Optimal glucose homeostasis -- Bistability as a fundamental phenomenon -- Biomolecular network -- P13K-AKT-TOR pathway -- Diseases related to metabolism -- Mathematical modeling of the P13K-AKT-TOR Pathway -- Fundamental decomposition -- Normal phenotype -- Disease phenotypes -- Tao of diseases. 330 $aA complex disease involves many etiological and risk factors operating at multiple levels-molecular, cellular, organismal, and environmental. The incidence of such diseases as cancer, obesity, and diabetes are increasing in occurrence, urging us to think fundamentally and use a broader perspective to identify their connection and revolutionize treatments. The understanding of biological data derived from studying diseases can be enhanced by theories and mathematical models, which clarify the big picture and help to reveal the overarching mechanisms that govern complex biological phenomena.< 606 $aMetabolism$xDisorders 606 $aSystems biology 606 $aBiological models 606 $aGenetic disorders 615 0$aMetabolism$xDisorders. 615 0$aSystems biology. 615 0$aBiological models. 615 0$aGenetic disorders. 676 $a616.3/9 700 $aWang$b Guanyu$c(Physicist),$01697647 801 0$bMiFhGG 801 1$bMiFhGG 906 $aBOOK 912 $a9910808866503321 996 $aAnalysis of complex diseases$94078532 997 $aUNINA